00761 a2200385 4500000002100000001000700021005001700028008004100045010000500086020000500091082001600096100001800112110000500130245007300135250001200208260003300220300001000253490000700263500000500270600000500275610000500280611000500285630000500290650000500295651000500300654000500305700002200310710000900332711000500341720000500346730000500351740000500356752000500361856000900366BKB 06956520200902150319.0  a a a659.1bK18A1 aKazmi, S.H.H. a1 aAdvertising and sales promotioncby S.H.H. Kazmi and Satish K. Batra a3rd ed. aNew DelhibExcel Booksc2008 a660p. av a a a a a a a a aBatra, Satishbc abc a a a a a adf